|
|
|
|
| LEADER |
01350nam a22003492a 4500 |
| 001 |
000122654 |
| 003 |
CZ BrMZK |
| 005 |
20230530122953.0 |
| 007 |
ta |
| 008 |
970103s1990 xr abc f 000 0 cze d |
| 015 |
|
|
|a cnb000061706
|
| 020 |
|
|
|a 80-7012-037-1
|
| 035 |
|
|
|a (OCoLC)39598075
|
| 040 |
|
|
|a BOA001
|b cze
|
| 080 |
|
|
|a 551.5
|2 MRF
|
| 100 |
1 |
|
|a Munzar, Jan,
|d 1941-2022
|7 jk01082475
|4 aut
|
| 245 |
1 |
0 |
|a Meteorologie skoro detektivní /
|c Jan Munzar, Karel Pejml, Karel Krška
|
| 250 |
|
|
|a 1. vyd.
|
| 260 |
|
|
|a Praha :
|b Horizont,
|c 1990
|
| 300 |
|
|
|a 282 s. :
|b il., mapy, portréty ;
|c 20 cm
|
| 504 |
|
|
|a Obsahuje bibliografii
|
| 500 |
|
|
|a Dostupné též v digitální podobě v aplikaci Kramerius
|
| 700 |
1 |
|
|a Krška, Karel,
|d 1938-
|7 jk01063516
|4 aut
|
| 700 |
1 |
|
|a Pejml, Karel,
|d 1918-1992
|7 jk01092364
|4 aut
|
| 856 |
4 |
1 |
|u http://www.digitalniknihovna.cz/mzk/uuid/uuid:c5e53d70-ffb2-11ed-b4ae-0050568d319f
|y Digitalizovaný dokument
|x NDK
|
| 910 |
|
|
|a BOA001
|b TK-0254.931
|b 2-0968.215
|
| 920 |
|
|
|a 000289665
|
| 964 |
|
|
|a Počasí - dějiny - vyprávění
|
| 964 |
|
|
|a Meteorologie - dějiny - vyprávění
|
| 990 |
|
|
|a BK
|
| 996 |
6 |
|
|b 2619862774
|c 2-0968.215
|l MZK
|r Sklad / do 1 hodiny
|n 15
|w 000122654
|u 000020
|a 1
|e BOA001
|j MZK50
|s P
|
| 996 |
7 |
|
|b 2629981668
|c TK-0254.931
|l MZK
|r Sklad / do 24 hodin
|n 17
|w 000122654
|u 000010
|a 1
|e BOA001
|j MZK50
|s A
|